Elements of urban management

Bibliographic Details
Main Author: Davey, Kenneth Jackson
Format: Book
Published: Washington D.C : The world Bash Washington D.C , 1993
Series:Urban Management programme 11
Subjects:

MARC

LEADER 00000cam a2200000 7i4500
001 0000007958
005 20160810.0
020 |a 0821324241 
040 |a INS 
090 0 0 |a JS145   |b D38 1993 
100 1 |a Davey, Kenneth Jackson 
245 1 0 |a Elements of urban management   |c Kenneth J. Davey 
260 |a Washington D.C :   |b The world Bash Washington D.C ,   |c 1993 
300 |a 55p. ;   |c 28 cm. 
490 1 |a Urban Management programme   |v 11 
500 |a At head of title : UNDP?UNCHS world Bank 
504 |a Includes bibliographical references 
650 0 0 |a Municipal government   |x case studies 
650 0 0 |a Urban policy   |x case studies 
999 |a 0000021845   |b BOOK   |c Open Shelf   |e Default branch